| 000 | 00924nam a2200289Ia 4500 | ||
|---|---|---|---|
| 003 | GCL | ||
| 008 | 140319s9999 xx 000 0 ara d | ||
| 040 |
_aGCL / _cGCL |
||
| 082 | 0 | 4 |
_a953.07393 _bع ت |
| 100 | 1 | _aعمر عبدالسلام تدمرى | |
| 245 | 1 | 0 |
_aتاريخ طرابس السياسى والحضارى عبر العصور / _cعمر عبدالسلام تدمرى |
| 260 |
_a[S.N] : _bدار الايمان ، _c1984 |
||
| 300 | _a723 ص | ||
| 490 | _a | ||
| 650 | 0 | 4 | _aالفتوحات الاسلامية |
| 650 | 0 | 4 | _aالتاريخ الاسلامى |
| 650 | 0 | 4 | _aالتاريخ |
| 650 | 0 | 4 | _aالدولة العباسية |
| 650 | 0 | 4 | _aلبنان |
| 650 | 0 | 4 | _aالدولة الاموية |
| 650 | 0 | 4 | _aالشام |
| 650 | 0 | 4 | _aالدولة الاخشيدية |
| 650 | 0 | 4 | _aالدولة الطولونية |
| 650 | 0 | 4 | _aالفتوحات |
| 650 | 0 | 4 | _aطرابلس |
| 942 |
_2ddc _cBK |
||
| 999 |
_c30728 _d30728 |
||